Dream SMP Members - Statistics

General Stats
  • This quiz has been taken 2,911 times
    1,921 since last reset
  • The average score is 24 of 33
Answer Stats
# Answer % Correct
1 Dream
100%
3 GeorgeNotFound
98%
2 Sapnap
97%
5 Tubbo_
94%
6 Tommyinnit
90%
12 BadBoyHalo
87%
8 Nihachu
87%
7 WilburSoot
87%
25 Ranboo
84%
18 Technoblade
84%
10 Quackity
83%
27 Ph1LzA
82%
13 Skeppy
82%
9 ItsFundy
81%
16 Punz
81%
14 KarlJacobs
79%
15 Ponk
78%
28 CaptainPuffy
77%
17 Purpled
75%
4 Callahan
73%
19 The_Eret
71%
24 ItsAlyssa
69%
22 awesamdude
68%
20 Thunder1408
66%
21 AntFrost
65%
11 Jschlatt
62%
31 FoolishG
60%
29 Vikkstar123
55%
26 ConnorEatsPants
53%
32 hannahxxrose
50%
30 LazarCodeLazar
50%
33 slimecicle
43%
23 Hbomb94
21%
No matching quizzes found
Score Distribution
Percent of People with Each Score
Percentile by Number Answered
Your Score History
You have not taken this quiz since the last reset